| 000 | 00914pam a2200289 a 4500 | ||
|---|---|---|---|
| 001 | 013170337 | ||
| 003 | OSt | ||
| 005 | 20131203092828.0 | ||
| 008 | 060109s2005 xxk frb 001 0 eng c | ||
| 020 | _a0745323952 (hbk.) | ||
| 020 | _a0745323944 (pbk.) | ||
| 020 | _a9780745323947 | ||
| 040 |
_aStDuBDS _dStEdNL _dUk |
||
| 043 | _an-us--- | ||
| 082 | 0 | 4 |
_a382.1 _222 _bHUD |
| 100 | 1 |
_aHudson, Michael, _d1939- _99475 |
|
| 245 | 1 | 0 |
_aGlobal fracture : _bthe new international economic order / _cMichael Hudson. |
| 250 | _aNew ed. | ||
| 260 |
_aLondon : _bPluto Press, _c2005. |
||
| 300 |
_axxxi, 296 p. ; _c23 cm. |
||
| 504 | _aIncludes bibliographical references and index. | ||
| 650 | 0 |
_aInternational economic relations. _934494 |
|
| 651 | 0 |
_aUnited States _xForeign economic relations. _99478 |
|
| 653 |
_bEco _cNovember2012 _cDecember2013 |
||
| 655 |
_vreading book _934232 |
||
| 942 |
_2ddc _cBB _k382.1 HUD |
||
| 999 |
_c17768 _d17740 |
||